000 00661nam a22002297a 4500
003 UA-OsUOA
001 36436
007 ta
008 20060925b un ||||| |||| 00| 0 ukr d
090 _a011/016
_bР41
942 _cBK
040 _aUA-OsUOA
_bukr
_cUA-OsUOA
_dUA-OsUOA
245 _aРепертуар Української Книги 1798 - 1916
_bМатеріали до бібліографії
_nТ.3
300 _a425 с.
955 _a1
041 _aukr
080 _a011/016
020 _a966-02-0838-3
260 _aЛьвів
_c1999
650 7 _a01 Бібліографія і бібліографії. Каталоги
_2UDC
999 _c434968
_d434968